Let's talk soccer / (Record no. 7181)

MARC details
000 -LEADER
fixed length control field 00951nam a22002777a 4500
001 - CONTROL NUMBER
control field 7181
003 - CONTROL NUMBER IDENTIFIER
control field FISKH
005 - DATE AND TIME OF LATEST TRANSACTION
control field 20250701143254.0
008 - FIXED-LENGTH DATA ELEMENTS--GENERAL INFORMATION
fixed length control field 250701b cb ||||| |||| 00| 0 eng d
020 ## - INTERNATIONAL STANDARD BOOK NUMBER
International Standard Book Number 9780531204306
040 ## - CATALOGING SOURCE
Original cataloging agency FISKH
Language of cataloging eng
Transcribing agency FISKH
Modifying agency FISKH
050 ## - LIBRARY OF CONGRESS CALL NUMBER
Classification number GV943.25 .F35
082 ## - DEWEY DECIMAL CLASSIFICATION NUMBER
Classification number 796.334
100 ## - MAIN ENTRY--PERSONAL NAME
Personal name Falk, Laine
245 ## - TITLE STATEMENT
Title Let's talk soccer /
Statement of responsibility, etc. by Laine Falk
260 ## - PUBLICATION, DISTRIBUTION, ETC.
Place of publication, distribution, etc. New York :
Name of publisher, distributor, etc. Scholastic,
Date of publication, distribution, etc. 2009.
300 ## - PHYSICAL DESCRIPTION
Extent 24 pages :
Other physical details color illustrations ;
Dimensions 21 cm
490 ## - SERIES STATEMENT
Series statement Scholastic News Nonfiction Readers:
Volume/sequential designation Sports Talk
505 ## - FORMATTED CONTENTS NOTE
Formatted contents note L<br/>
520 ## - SUMMARY, ETC.
Summary, etc. Photographs and simple text describe the positions and techniques of soccer including heading and passing the ball, the goalie's job, scoring a goal, dribbling and juggling, and what soccer players wear.
521 8# - TARGET AUDIENCE NOTE
Target audience note 510<br/>
Source Lexile <br/>
521 8# - TARGET AUDIENCE NOTE
Target audience note L<br/>
Source Raz-Plus<br/>
650 ## - SUBJECT ADDED ENTRY--TOPICAL TERM
Topical term or geographic name entry element Sports
Form subdivision Game rules
General subdivision Technique
942 ## - ADDED ENTRY ELEMENTS (KOHA)
Source of classification or shelving scheme Dewey Decimal Classification
Koha item type Books
Suppress in OPAC No
Holdings
Withdrawn status Lost status Source of classification or shelving scheme Damaged status Not for loan Collection Home library Current library Shelving location Date acquired Total Checkouts Full call number Barcode Date last seen Copy number Price effective from Koha item type
    Dewey Decimal Classification     Non-Fiction Footprints International School Library Network Toul Kork Campus Footprints International School Library Network Toul Kork Campus TK Primary Library Room(4th Floor), Bookcase 3&4, Shelves 17-32, Yellow Books 07/01/2025   FAL 796.334 GV943.25 .F35 FISBK05801 07/01/2025 1 07/01/2025 Books